00250nam a2200109Ia 4500008004100000100001800041245002400059260002100083650001200104942000700116999001700123190216s9999||||xx |||||||||||||| ||und|| aAgtha Christy 0aMirs Mc Gintys Dead bPan Books London aEnglish cBK c13299d13299